Statistics for Lana Del Rey song by synonyms

Click here to take the quiz!

General Stats

  • This quiz has been taken 100 times
  • The average score is 11 of 15

Answer Stats

HintAnswer% Correct
Youthful And PrettyYoung And Beautiful
96%
StereoRadio
88%
Cerulean DenimsBlue Jeans
86%
Delight Is A MothHappiness Is A Butterfly
86%
Melody To Observe Males ToMusic To Watch Boys To
82%
Wealth Influence TriumphMoney Power Glory
81%
Faith Is A Risky Concept For A Female Such As Me To Possess However I Possess ItHope Is A Dangerous Thing For A Woman Like Me To Have But I Have It
80%
ExtrabrutalityUltraviolence
79%
Drunk Near The ShoreHigh By The Beach
77%
Attractive Folks Attractive IssuesBeautiful People Beautiful Problems
75%
Anatomy VoltaicBody Electric
70%
When The Earth Was In Battle We Continued SwingingWhen The World Was At War We Kept Dancing
70%
Obscure HeavenDark Paradise
57%
Synthetic Marks Above The Rustic Social OrganizationChemtrails Over The Country Club
55%
Not Everyone Who Roams Is DisorientedNot All Who Wander Are Lost
54%

Score Distribution

Percentile by Number Answered

Percent of People with Each Score

Your Score History

You have not taken this quiz